Geschichte Napoleons und der grossen Armee

Bibliographic Details
Main Author: Gégur (Author)
Format: Book
Language:Undetermined
PhysicalDescription:532 s.
Published: Mannheim Druck und Verlag von Heinrich Hoff 1836
Edition:1. vyd.

MARC

LEADER 00000nam a2200000 a 4500
001 vtls001465726
003 SK-MaSNL
005 20260302073247.0
008 240314s1836 xx 0 und
035 |a SNK000421031 
040 |a SNK  |b slo  |c SNK  |e AACR2 
041 0 |a und 
044 |a xx 
100 0 |a Gégur  |4 aut  |9 737457 
245 1 0 |a Geschichte Napoleons und der grossen Armee 
250 |a 1. vyd. 
260 |a Mannheim  |b Druck und Verlag von Heinrich Hoff  |c 1836 
300 |a 532 s. 
958 |a ONDV 
999 |c 1160124  |d 1162054 
952 |t P60, <04>, [BOOK], {604}  |a SNK  |b SNK  |y VYP  |7 0  |p 17A0409007  |o snkID 41680  |i snkF 1971/66  |0 0  |1 0  |4 0  |d 2004-01-07  |l 0  |r 2005-01-02 00:00:00  |w 2026-02-24